[Event "33. ABC-Turnier 2013 - Gruppe D"]
[Site "Dortmund"]
[Date "2013.10.24"]
[Round "1.5"]
[White "Schrimpl, Michael"]
[Black "Reich, Peter"]
[Result "0-1"]
[WhiteElo "1441"]
[BlackElo "1535"]
[PlyCount "42"]
[EventDate "2013.??.??"]
[Source "Pit Schulenburg"]
[SourceDate "2013.09.05"]

1. c4 e5 2. Nc3 Nf6 3. Nf3 Nc6 4. g3 Bc5 5. Bg2 O-O 6. O-O d6 7. a3 a5 8. e3
Bg4 9. Qc2 Re8 10. b3 Qd7 11. Bb2 Rad8 12. Nb5 Bf5 13. Qc1 Bd3 14. Re1 Ne4 15.
Bf1 Bxf1 16. Rxf1 d5 17. cxd5 Qg4 18. dxc6 Qxf3 19. cxb7 Rxd2 20. Nc3 Nxf2 21.
Qxd2 Nh3# 0-1

[Event "33. ABC-Turnier 2013 - Gruppe D"]
[Site "Dortmund"]
[Date "2013.11.07"]
[Round "2.1"]
[White "Gennat, Egon L"]
[Black "Reich, Peter"]
[Result "1/2-1/2"]
[WhiteElo "1425"]
[BlackElo "1535"]
[PlyCount "96"]
[EventDate "2013.??.??"]
[Source "Pit Schulenburg"]
[SourceDate "2013.09.05"]

1. c4 e5 2. Nc3 Nf6 3. g3 Bc5 4. Bg2 O-O 5. e3 Nc6 6. Nge2 d6 7. O-O a6 8. a3
Rb8 9. b4 Ba7 10. Bb2 Bf5 11. Nd5 Bd3 12. Rc1 Nxd5 13. cxd5 Ne7 14. Re1 Bf5 15.
e4 Bg4 16. Qc2 Rc8 17. h3 Bh5 18. g4 Bg6 19. Ng3 Nxd5 20. Nf5 Nf4 21. Bf1 Bxf5
22. exf5 Qh4 23. d4 exd4 24. Qe4 Nxh3+ 25. Bxh3 Qxh3 26. Bxd4 Bxd4 27. Qxd4 h5
28. Re4 Qxa3 29. Rce1 Qa4 30. gxh5 Rfe8 31. h6 f6 32. Re7 Qc6 33. Rxg7+ Kh8 34.
Rge7 Rg8+ 35. Rg7 Rcf8 36. Kh2 Qf3 37. Rxg8+ Kxg8 38. h7+ Kh8 39. Qh4 Qxf5 40.
Re7 Qg5 41. Qc4 Qh5+ 42. Kg2 Qg6+ 43. Kf1 Qb1+ 44. Ke2 Qg6 45. Qxc7 Re8 46.
Qxb7 Rxe7+ 47. Qxe7 Qg7 48. Qxd6 Qg4+ {(=)} 1/2-1/2

[Event "33. ABC-Turnier 2013 - Gruppe D"]
[Site "Dortmund"]
[Date "2013.11.07"]
[Round "2.1"]
[White "Schrimpl, Michael"]
[Black "Vujanic, Dragan"]
[Result "0-1"]
[WhiteElo "1441"]
[BlackElo "1481"]
[PlyCount "46"]
[EventDate "2013.??.??"]
[Source "Pit Schulenburg"]
[SourceDate "2013.09.05"]

1. c4 c5 2. Nc3 Nc6 3. Nf3 e6 4. g3 Nf6 5. Bg2 d5 6. cxd5 exd5 7. a3 d4 8. Na2
Be7 9. O-O O-O 10. Qc2 Be6 11. d3 Rc8 12. Bd2 Qd7 13. Qb1 a5 14. Ng5 Bd5 15.
Bh3 Qc7 16. e4 dxe3 17. fxe3 Rcd8 18. e4 Nxe4 19. Bf4 Nxg5 20. Bg2 Qd7 21. Nc3
Bxg2 22. Kxg2 Qxd3 23. Qxd3 Rxd3 0-1

[Event "33. ABC-Turnier 2013 - Gruppe D"]
[Site "Dortmund"]
[Date "2013.11.07"]
[Round "2.1"]
[White "Tautz, Eugen"]
[Black "Gerke, Dieter"]
[Result "1-0"]
[WhiteElo "1451"]
[BlackElo "1469"]
[PlyCount "55"]
[EventDate "2013.??.??"]
[Source "Pit Schulenburg"]
[SourceDate "2013.09.05"]

1. c4 d5 2. cxd5 Qxd5 3. Nc3 Qd8 4. Nf3 Nc6 5. e3 Bg4 6. Be2 e6 7. d4 Nf6 8. h3
Bf5 9. Bb5 Bd6 10. Nh4 O-O 11. Nxf5 exf5 12. Bxc6 bxc6 13. O-O Ne4 14. Qf3 Nxc3
15. bxc3 Qd7 16. Rb1 Rab8 17. Bd2 Ba3 18. Rb3 Rxb3 19. axb3 c5 20. Ra1 cxd4 21.
Rxa3 dxc3 22. Bxc3 Qd3 23. Bd4 Qc2 24. Rxa7 c5 25. Be5 Qxb3 26. Qxf5 c4 27. Rc7
Qd3 28. Qg4 1-0

[Event "33. ABC-Turnier 2013 - Gruppe D"]
[Site "Dortmund"]
[Date "2013.11.21"]
[Round "2.2"]
[White "Tautz, Eugen"]
[Black "Gennat, Egon L"]
[Result "0-1"]
[WhiteElo "1451"]
[BlackElo "1425"]
[PlyCount "141"]
[EventDate "2013.??.??"]
[Source "Pit Schulenburg"]
[SourceDate "2013.09.05"]

1. c4 c5 2. Nc3 Nc6 3. Nf3 e5 4. e3 g6 5. Be2 Bg7 6. Nb5 d6 7. e4 Nge7 8. O-O
O-O 9. d3 h6 10. a3 f5 11. exf5 Nxf5 12. Nc3 Be6 13. Bd2 Qd7 14. Qc1 Kh7 15.
Ne4 a5 16. Kh1 Nfd4 17. Bd1 Nxf3 18. Bxf3 Nd4 19. Bd1 b6 20. Rb1 b5 21. b3 b4
22. a4 Bf5 23. f3 g5 24. Be3 Ne6 25. Qd2 Rad8 26. Qf2 Rc8 27. Bc2 Rc6 28. Rbd1
Rfc8 29. Ng3 Bg6 30. Ne4 d5 31. Ng3 dxc4 32. dxc4 Nd4 33. Bxd4 exd4 34. Bxg6+
Rxg6 35. Qc2 Rcc6 36. Rfe1 Kg8 37. Qd3 Rgf6 38. Re4 Rce6 39. Rde1 Rxe4 40. Rxe4
Re6 41. Kg1 Qf7 42. Rxe6 Qxe6 43. Ne4 Bf8 44. Kf2 Qe5 45. h3 Kg7 46. Ng3 Qe6
47. Nh5+ Kg8 48. Ng3 Qf6 49. Qe4 Qf4 50. Qxf4 gxf4 51. Nh5 Bd6 52. Nf6+ Kf7 53.
Ne4 Be7 54. Ke2 Kg6 55. Kf2 Bh4+ 56. Ke2 Be7 57. Kd3 Kf5 58. Nf2 h5 59. Ne4 Ke5
60. Ke2 Kf5 {(=)} 61. g3 fxg3 62. Nxg3+ Kg5 63. Ne4+ Kf4 64. Kf2 d3 65. Nd2
Bh4+ 66. Kg2 Ke3 67. Nf1+ Ke2 68. f4 d2 69. Nxd2 Kxd2 70. Kf3 Kc3 71. Ke4 0-1

[Event "33. ABC-Turnier 2013 - Gruppe D"]
[Site "Dortmund"]
[Date "2013.11.21"]
[Round "2.2"]
[White "Gerke, Dieter"]
[Black "Schrimpl, Michael"]
[Result "1-0"]
[WhiteElo "1469"]
[BlackElo "1441"]
[PlyCount "49"]
[EventDate "2013.??.??"]
[Source "Pit Schulenburg"]
[SourceDate "2013.09.05"]

1. d4 Nf6 2. c4 e6 3. Nc3 c5 4. Nf3 Be7 5. g3 O-O 6. Bg2 d5 7. cxd5 Nxd5 8. e4
Nxc3 9. bxc3 cxd4 10. cxd4 Bd7 11. O-O Bb5 12. Re1 Nd7 13. a4 Ba6 14. d5 exd5
15. exd5 Bf6 16. Ra3 Re8 17. Rxe8+ Qxe8 18. Re3 Qf8 19. Ba3 Qd8 20. a5 Rc8 21.
Qe1 g6 22. Bh3 Kg7 23. Be7 Qc7 24. Bxf6+ Kxf6 25. Qa1+ 1-0

[Event "33. ABC-Turnier 2013 - Gruppe D"]
[Site "Dortmund"]
[Date "2013.11.14"]
[Round "2.2"]
[White "Vujanic, Dragan"]
[Black "Reich, Peter"]
[Result "1/2-1/2"]
[WhiteElo "1481"]
[BlackElo "1535"]
[PlyCount "56"]
[EventDate "2013.??.??"]
[Source "Pit Schulenburg"]
[SourceDate "2013.09.05"]

1. c4 e5 2. Nc3 Nf6 3. d3 Nc6 4. g3 Bc5 5. Bg2 O-O 6. e3 d6 7. Nge2 Bg4 8. O-O
Rb8 9. a3 a5 10. Bd2 Ne7 11. Rb1 c6 12. b4 axb4 13. axb4 Bb6 14. Re1 Qd7 15.
Na4 Bc7 16. Qc2 Qf5 17. e4 Qh5 18. Be3 Bh3 19. Qd2 Ng4 20. f3 Nxe3 21. Qxe3 f5
22. f4 b5 23. Nac3 fxe4 24. Nxe4 bxc4 25. dxc4 d5 26. Bxh3 Qxh3 27. Ng5 Qf5 28.
c5 Ng6 1/2-1/2

[Event "33. ABC-Turnier 2013 - Gruppe D"]
[Site "Dortmund"]
[Date "2013.11.28"]
[Round "2.3"]
[White "Gennat, Egon L"]
[Black "Vujanic, Dragan"]
[Result "0-1"]
[WhiteElo "1425"]
[BlackElo "1481"]
[PlyCount "88"]
[EventDate "2013.??.??"]
[Source "Pit Schulenburg"]
[SourceDate "2013.09.05"]

1. e4 d5 2. exd5 Qxd5 3. Nc3 Qa5 4. d4 c6 5. Bc4 Nf6 6. Bd2 Qb6 7. Nf3 Bf5 8.
Na4 Qc7 9. Nc3 e6 10. Qe2 Bxc2 11. d5 cxd5 12. Nxd5 Nxd5 13. Bxd5 Ba4 14. Rc1
Bc6 15. O-O Be7 16. Bxc6+ Nxc6 17. Ne5 $4 O-O $4 (17... Qxe5 $19) 18. Nxc6 bxc6
19. Qc4 Rac8 20. f4 Qb6+ 21. Kh1 Qxb2 22. Bc3 Qb5 23. Qe4 Qd5 24. Qe2 Qf5 25.
Rf3 Bf6 26. Be5 Bxe5 27. fxe5 Qg5 28. Rfc3 Qf5 29. Rf1 Qg5 30. Rg3 Qe7 31. Qg4
f5 32. exf6 Rxf6 33. Re1 Rcf8 34. Qc4 Rf4 (34... Qb4 $3 {
nebst Matt in wenigen Zuegen!}) 35. Qd3 Qb4 36. Rge3 Rd4 37. Qe2 Rd2 38. Qh5
Rdf2 39. Qd1 Qb2 (39... Qg4 $3) 40. Rg1 Qxa2 41. Qd6 Qd5 42. Qc7 Rxg2 43. Re5
Rxg1+ 44. Kxg1 Qd1+ 0-1

[Event "33. ABC-Turnier 2013 - Gruppe D"]
[Site "Dortmund"]
[Date "2013.11.28"]
[Round "2.3"]
[White "Reich, Peter"]
[Black "Gerke, Dieter"]
[Result "1-0"]
[WhiteElo "1535"]
[BlackElo "1469"]
[PlyCount "69"]
[EventDate "2013.??.??"]
[Source "Pit Schulenburg"]
[SourceDate "2013.09.05"]

1. e4 c5 2. Nf3 Nc6 3. Bc4 e6 4. Nc3 a6 5. a4 d6 6. O-O Nf6 7. d3 Be7 8. Re1
O-O 9. Bg5 Qc7 10. Qe2 Nd4 11. Qd1 b6 12. Be3 Nc6 13. h3 Bb7 14. Bf4 Nd4 15.
Nd2 e5 16. Bg3 Bc6 17. f4 exf4 18. Bxf4 b5 19. Ba2 Rfe8 20. Re3 bxa4 21. Ne2
Rab8 22. Nc4 Ne6 23. Bh2 Nd7 24. Qf1 Ne5 25. Qf5 g6 26. Qf2 Bg5 27. Nf4 Nxc4
28. Bxc4 Rxb2 29. Nxe6 fxe6 30. Rf3 Qe7 31. Rf1 d5 32. Rf7 Qd8 33. Be5 Rb7 34.
Rxb7 Rf8 35. Rg7+ 1-0

[Event "33. ABC-Turnier 2013 - Gruppe D"]
[Site "Dortmund"]
[Date "2013.11.28"]
[Round "2.3"]
[White "Schrimpl, Michael"]
[Black "Tautz, Eugen"]
[Result "1-0"]
[WhiteElo "1441"]
[BlackElo "1451"]
[PlyCount "63"]
[EventDate "2013.??.??"]
[Source "Pit Schulenburg"]
[SourceDate "2013.09.05"]

1. c4 e5 2. Nc3 Nf6 3. Nf3 d6 4. g3 Bd7 5. Bg2 Bc6 6. O-O Be7 7. Qc2 O-O 8. Rd1
Nbd7 9. b4 b6 10. a3 Rb8 11. Bb2 h6 12. d4 exd4 13. Nxd4 Bxg2 14. Kxg2 Qe8 15.
Ncb5 Rb7 16. Nf5 a6 17. Nbd4 Ne5 18. f4 Ng6 19. Nxe7+ Qxe7 20. Qd3 Ng4 21. Nf5
Qe6 22. Bxg7 Re8 23. e4 Qxe4+ 24. Qxe4 Rxe4 25. Kf3 Ne3 26. Kxe4 Nxd1 27. Rxd1
c6 28. Rxd6 Kh7 29. Bf6 Nf8 30. Rxc6 Ne6 31. Nd4 Nxd4 32. Bxd4 1-0

[Event "33. ABC-Turnier 2013 - Gruppe D"]
[Site "Dortmund"]
[Date "2013.12.05"]
[Round "2.4"]
[White "Tautz, Eugen"]
[Black "Reich, Peter"]
[Result "0-1"]
[WhiteElo "1451"]
[BlackElo "1535"]
[PlyCount "118"]
[EventDate "2013.??.??"]
[Source "Pit Schulenburg"]
[SourceDate "2013.09.05"]

1. c4 e5 2. Nc3 Nf6 3. Nf3 Nc6 4. e3 Bb4 5. Qb3 Be7 6. d4 exd4 7. exd4 d6 8. d5
Ne5 9. Nxe5 dxe5 10. g3 O-O 11. Bg2 Rb8 12. O-O a6 13. Bg5 h6 14. Bd2 Bc5 15.
Rae1 Re8 16. Qc2 Bd4 17. Be3 Bxe3 18. Rxe3 Bg4 19. Rfe1 Nd7 20. f4 f6 21. h3
Bh5 22. Qf5 Bf7 23. h4 Re7 24. h5 Qc8 25. Be4 Nf8 26. Qxc8 Rxc8 27. Bf5 Rce8
28. fxe5 fxe5 29. g4 g6 30. hxg6 Bxg6 31. Ne4 Kg7 32. Nc5 Bxf5 33. gxf5 Kf6 34.
Ne6 Nd7 35. Rg3 Rh7 36. Rf1 e4 37. Rg6+ Ke5 38. Nxc7 Rf8 39. Re6+ Kd4 40. b3
Nc5 41. Re8 Rxe8 42. Nxe8 e3 43. Rd1+ Nd3 44. Kf1 e2+ 45. Kxe2 Re7+ 46. Kf1
Rxe8 47. Kg2 Rf8 48. Kg3 Rxf5 49. Kg4 Rf6 50. Kh5 Kc3 51. Kg4 b5 52. cxb5 Nf2+
53. Kh4 Nxd1 54. bxa6 Rxa6 55. Kh5 Kd4 56. a4 Kxd5 57. Kg4 Kc5 58. Kf4 Kb4 59.
Ke4 Kxb3 0-1

[Event "33. ABC-Turnier 2013 - Gruppe D"]
[Site "Dortmund"]
[Date "2013.12.05"]
[Round "2.4"]
[White "Gerke, Dieter"]
[Black "Vujanic, Dragan"]
[Result "0-1"]
[WhiteElo "1469"]
[BlackElo "1481"]
[PlyCount "64"]
[EventDate "2013.??.??"]
[Source "Pit Schulenburg"]
[SourceDate "2013.09.05"]

1. d4 Nf6 2. c4 e6 3. Nf3 d5 4. c5 c6 5. Nc3 Nbd7 6. Bf4 Be7 7. e3 O-O 8. Bd3
b6 9. b4 bxc5 10. dxc5 Nh5 11. Bg3 Nxg3 12. hxg3 h6 13. Nd4 Bf6 14. Qg4 Ne5 15.
Qe2 Nxd3+ 16. Qxd3 Qc7 17. Rh5 e5 18. Nf5 e4 19. Qc2 Bxf5 20. Rxf5 a5 21. Rb1
axb4 22. Rxb4 Qa5 23. Rxf6 gxf6 24. Qb2 Qxc5 25. Kd2 Qd6 26. Rb6 Rfb8 27. Rb7
Rxb7 28. Qxb7 Rb8 29. Qa6 Rb2+ 30. Ke1 Kg7 31. a4 Qb4 32. Qxc6 Rc2 0-1

[Event "33. ABC-Turnier 2013 - Gruppe D"]
[Site "Dortmund"]
[Date "2013.12.19"]
[Round "2.5"]
[White "Gennat, Egon L"]
[Black "Gerke, Dieter"]
[Result "1-0"]
[WhiteElo "1425"]
[BlackElo "1469"]
[PlyCount "79"]
[EventDate "2013.??.??"]
[Source "Pit Schulenburg"]
[SourceDate "2013.09.05"]

1. c4 f5 2. Nc3 Nf6 3. d4 e6 4. Nf3 Be7 5. Bg5 O-O 6. e3 Qe8 7. Bd3 a6 8. Qc2
d6 9. b4 Nbd7 10. O-O b6 11. Bh4 Bb7 12. Be2 Ne4 13. Bxe7 Qxe7 14. Rad1 Ndf6
15. h3 Rad8 16. a4 h6 17. b5 Nxc3 18. Qxc3 Ne4 19. Qb3 Kh8 20. Qc2 Qf6 21. Nd2
e5 22. d5 Nc5 23. Nf3 axb5 24. axb5 Ra8 25. Ra1 Rxa1 26. Rxa1 f4 27. e4 g5 28.
Ra3 Qg6 29. Nd2 h5 30. f3 g4 31. fxg4 hxg4 32. Bxg4 Rg8 33. Qb1 Bc8 34. Ra8
Bxg4 35. Rxg8+ Qxg8 36. hxg4 Qxg4 37. Qf1 Kg7 38. Qf3 Qg3 39. Qxg3+ fxg3 40.
Kf1 {und Schwarz gab ohne Not auf!} 1-0

[Event "33. ABC-Turnier 2013 - Gruppe D"]
[Site "Dortmund"]
[Date "2013.12.12"]
[Round "2.5"]
[White "Vujanic, Dragan"]
[Black "Tautz, Eugen"]
[Result "1-0"]
[WhiteElo "1481"]
[BlackElo "1451"]
[PlyCount "89"]
[EventDate "2013.??.??"]
[Source "Pit Schulenburg"]
[SourceDate "2013.09.05"]

1. d4 d5 2. c4 dxc4 3. Nc3 e6 4. Nf3 Nc6 5. e3 Nf6 6. Bxc4 a6 7. O-O Be7 8. Re1
O-O 9. e4 b5 10. Bd3 Nxd4 11. Nxd4 Qxd4 12. e5 Qh4 13. exf6 Bxf6 14. Qf3 Bxc3
15. bxc3 Rb8 16. Qe4 Qxe4 17. Bxe4 Bb7 18. Bxb7 Rxb7 19. Rd1 Rbb8 20. Bf4 Rbc8
21. Rd7 c6 22. Rad1 h6 23. Be3 a5 24. Bb6 a4 25. Rd8 Rfxd8 26. Rxd8+ Rxd8 27.
Bxd8 Kf8 28. a3 Ke8 29. Bb6 Kd7 30. Bc5 h5 31. f4 f6 32. Kf2 g6 33. Ke3 e5 34.
fxe5 fxe5 35. h4 Ke6 36. Ke4 Kf6 37. g3 Ke6 38. Ba7 Kf6 39. Bb8 Ke6 40. Bxe5 c5
41. Bh8 Kd6 42. Kf4 Ke6 43. Kg5 Kf7 44. Bf6 b4 45. cxb4 1-0

[Event "33. ABC-Turnier 2013 - Gruppe D"]
[Site "Dortmund"]
[Date "2013.12.19"]
[Round "2.5"]
[White "Reich, Peter"]
[Black "Schrimpl, Michael"]
[Result "1/2-1/2"]
[WhiteElo "1535"]
[BlackElo "1441"]
[PlyCount "68"]
[EventDate "2013.??.??"]
[Source "Pit Schulenburg"]
[SourceDate "2013.09.05"]

1. e4 d6 2. Nf3 Nf6 3. Nc3 g6 4. Bc4 Bg7 5. d3 O-O 6. O-O c6 7. a4 a5 8. Bg5
Na6 9. Qd2 Bg4 10. Ne1 Nc5 11. f4 Be6 12. Bxe6 Nxe6 13. Nf3 b5 14. Bh4 b4 15.
Ne2 Nh5 16. Rab1 Bh6 17. Bg3 Nxg3 18. hxg3 Qb6+ 19. Kh2 Rac8 20. Qd1 f5 21. Nh4
Nc5 22. exf5 gxf5 23. Nd4 e6 24. Qh5 Bg7 25. Ndf3 Qc7 26. Ng5 Bf6 27. Rfe1 Bxg5
28. Qxg5+ Qg7 29. Nf3 h6 30. Qxg7+ Kxg7 31. b3 Rf6 32. Re3 Kf7 33. Rbe1 Nd7 34.
Nd2 d5 {(=)} 1/2-1/2

[Event "33. ABC-Turnier 2013 - Gruppe E"]
[Site "Dortmund"]
[Date "2013.09.05"]
[Round "1.1"]
[White "Schirmer, Michael"]
[Black "Driesner, Reinhard"]
[Result "1/2-1/2"]
[WhiteElo "1471"]
[BlackElo "1428"]
[PlyCount "43"]
[EventDate "2013.??.??"]
[Source "Pit Schulenburg"]
[SourceDate "2013.09.05"]

1. b4 e5 2. Bb2 Qe7 3. b5 d5 4. e3 Nf6 5. Nf3 Bg4 6. h3 Bxf3 7. Qxf3 Nbd7 8. c4
Nb6 9. Ba3 Qd7 10. c5 Na4 11. d4 exd4 12. exd4 c6 13. bxc6 bxc6 14. Qb3 Nxc5
15. Bxc5 Bxc5 16. dxc5 Qe6+ 17. Be2 O-O 18. Nc3 Qe5 19. O-O d4 20. Rfe1 dxc3
21. Bf3 Qxc5 22. Rac1 {Diagramm #} 1/2-1/2

[Event "33. ABC-Turnier 2013 - Gruppe E"]
[Site "Dortmund"]
[Date "2013.09.05"]
[Round "1.1"]
[White "Link, Werner"]
[Black "Da Costa, Pablo"]
[Result "1-0"]
[WhiteElo "1417"]
[BlackElo "1402"]
[PlyCount "57"]
[EventDate "2013.??.??"]
[Source "Pit Schulenburg"]
[SourceDate "2013.09.05"]

1. d4 d5 2. c4 c6 3. Nc3 dxc4 4. a4 Nf6 5. e3 Bf5 6. Bxc4 e6 7. Nf3 Bb4 8. O-O
O-O 9. Bd2 Qd6 10. Ne5 Rd8 11. Na2 Bxd2 12. Qxd2 c5 13. Rad1 Nc6 14. Nxc6 Ng4
15. f4 Qxc6 16. Bd3 Bxd3 17. Qxd3 cxd4 18. Rf3 Qxa4 19. Nc3 Qa5 20. exd4 Qc7
21. Rff1 Qb6 22. h3 Nf6 23. Rf2 Nd5 24. Ne4 Nb4 25. Qd2 Nc6 26. Qe2 Nxd4 27.
Qh5 Rd5 28. Ng5 g6 29. Qxh7+ {Diagramm #} 1-0

[Event "33. ABC-Turnier 2013 - Gruppe E"]
[Site "Dortmund"]
[Date "2013.09.19"]
[Round "1.2"]
[White "Driesner, Reinhard"]
[Black "Link, Werner"]
[Result "1/2-1/2"]
[WhiteElo "1428"]
[BlackElo "1417"]
[PlyCount "47"]
[EventDate "2013.??.??"]
[Source "Pit Schulenburg"]
[SourceDate "2013.09.05"]

1. e4 d5 2. exd5 Qxd5 3. Nc3 Qa5 4. d4 c6 5. Bd3 Nf6 6. Bd2 Qb6 7. Nf3 Bg4 8.
Na4 Qc7 9. h3 Bh5 10. Nc3 e6 11. Ne4 Nxe4 12. Bxe4 Be7 13. g4 Bg6 14. Bxg6 hxg6
15. Qe2 Nd7 16. O-O-O O-O-O 17. Bc3 Nf6 18. Ng5 Rhf8 19. Nxf7 Nd5 20. Nxd8 Nxc3
21. bxc3 Ba3+ 22. Kd2 Qxd8 23. Rb1 Qd5 24. Rhe1 {Diagramm # (=)} 1/2-1/2

[Event "33. ABC-Turnier 2013 - Gruppe E"]
[Site "Dortmund"]
[Date "2013.10.04"]
[Round "1.3"]
[White "Da Costa, Pablo"]
[Black "Driesner, Reinhard"]
[Result "0-1"]
[WhiteElo "1402"]
[BlackElo "1428"]
[PlyCount "78"]
[EventDate "2013.??.??"]
[Source "Pit Schulenburg"]
[SourceDate "2013.09.05"]

1. e4 c5 2. Nf3 e6 3. d4 cxd4 4. Nxd4 Qb6 5. b3 Nc6 6. Nf3 Bc5 7. Qd2 Nf6 8.
Nc3 Ng4 9. Na4 Bxf2+ 10. Kd1 Qb4 11. Qe2 Qd6+ 12. Bd2 Bb6 13. Nxb6 axb6 14. c3
f6 15. Kc2 O-O 16. g3 Qc7 17. Kb2 Nge5 18. Bg2 Nxf3 19. Qxf3 e5 20. Bh3 Ne7 21.
Rad1 d6 22. Bg2 Be6 23. Be3 Ra5 24. Qf2 Rfa8 25. a4 Nc8 26. Rd3 b5 27. c4 bxc4
28. Rc1 Qd7 29. Rdc3 b5 30. Qf1 bxa4 31. bxc4 a3+ 32. Ka2 Ra4 33. Bf3 Qf7 34.
Bd1 Rb4 35. Be2 Qb7 36. Rb1 Rxb1 37. Qxb1 Qxb1+ 38. Kxb1 Rb8+ 39. Kc1 a2 0-1

[Event "33. ABC-Turnier 2013 - Gruppe E"]
[Site "Dortmund"]
[Date "2013.10.17"]
[Round "1.4"]
[White "Schirmer, Michael"]
[Black "Link, Werner"]
[Result "0-1"]
[WhiteElo "1471"]
[BlackElo "1417"]
[PlyCount "56"]
[EventDate "2013.??.??"]
[Source "Pit Schulenburg"]
[SourceDate "2013.09.05"]

1. c4 Nf6 2. Nc3 e5 3. d3 Nc6 4. g3 g6 5. Bg2 Bg7 6. e3 O-O 7. Nge2 b6 8. a3
Bb7 9. b4 Rb8 10. O-O d6 11. Qc2 Qd7 12. Bd2 Ne7 13. e4 Nh5 14. Rfd1 f5 15.
Rac1 f4 16. Nd5 f3 17. Nec3 fxg2 18. Bg5 Nxd5 19. exd5 Qg4 20. Ne4 h6 21. Be3
Nf6 22. Nc3 Qh3 23. f3 c6 24. d4 exd4 25. Rxd4 Ng4 26. Rxg4 Rxf3 27. Rf4 Rxf4
28. Bxf4 Bd4+ 0-1

[Event "33. ABC-Turnier 2013 - Gruppe E"]
[Site "Dortmund"]
[Date "2013.10.24"]
[Round "1.5"]
[White "Da Costa, Pablo"]
[Black "Schirmer, Michael"]
[Result "0-1"]
[WhiteElo "1402"]
[BlackElo "1471"]
[PlyCount "44"]
[EventDate "2013.??.??"]
[Source "Pit Schulenburg"]
[SourceDate "2013.09.05"]

1. e4 c5 2. Nf3 a6 3. d4 cxd4 4. Nxd4 Nc6 5. Bc4 e6 6. a3 Nf6 7. Nc3 Bc5 8. Nf3
O-O 9. O-O b5 10. Ba2 Qc7 11. b4 Bb6 12. Bb2 Ng4 13. g3 Nce5 14. Nxe5 Nxe5 15.
Ne2 Bb7 16. Nf4 Bxe4 17. Bxe5 Qxe5 18. Qxd7 Rfd8 19. Qe7 Rd2 20. c4 Bxf2+ 21.
Rxf2 Qxa1+ 22. Rf1 Qd4+ 0-1

[Event "33. ABC-Turnier 2013 - Gruppe E"]
[Site "Dortmund"]
[Date "2013.11.07"]
[Round "2.1"]
[White "Driesner, Reinhard"]
[Black "Schirmer, Michael"]
[Result "1/2-1/2"]
[WhiteElo "1428"]
[BlackElo "1471"]
[PlyCount "24"]
[EventDate "2013.??.??"]
[Source "Pit Schulenburg"]
[SourceDate "2013.09.05"]

1. e4 Nf6 2. Nc3 d5 3. exd5 Nxd5 4. Bc4 Nb6 5. Bb3 Nc6 6. Nf3 Bf5 7. d3 e6 8.
a3 Bc5 9. Bf4 a6 10. h3 Qd7 11. Qe2 O-O-O 12. O-O-O Nd4 1/2-1/2

[Event "33. ABC-Turnier 2013 - Gruppe E"]
[Site "Dortmund"]
[Date "2013.11.07"]
[Round "2.1"]
[White "Da Costa, Pablo"]
[Black "Link, Werner"]
[Result "0-1"]
[WhiteElo "1402"]
[BlackElo "1417"]
[PlyCount "88"]
[EventDate "2013.??.??"]
[Source "Pit Schulenburg"]
[SourceDate "2013.09.05"]

1. e4 d5 2. exd5 Qxd5 3. d4 c6 4. Nf3 Bf5 5. Bf4 Qe4+ 6. Be3 Qxc2 7. Qxc2 Bxc2
8. g3 e6 9. Bg2 Nf6 10. O-O Be7 11. Nc3 O-O 12. Rac1 Bg6 13. Rfe1 Nbd7 14. Ne5
Rfe8 15. Nxg6 hxg6 16. h3 Nb6 17. b3 Nbd5 18. Bg5 Nxc3 19. Rxc3 Bb4 20. Rce3
Bxe1 21. Rxe1 Rad8 22. Re2 Rxd4 23. Kh2 Red8 24. Be3 Rd1 25. Bxa7 R1d2 26. Bf3
Rxe2 27. Bxe2 Rd2 28. Bc4 Rxa2 29. Bb6 Ne4 30. Kg2 Rc2 31. Bd3 Rc3 32. Bxe4
Rxb3 33. Ba7 Kf8 34. Bc2 Rb2 35. Be4 f5 36. Bf3 Rb3 37. g4 e5 38. gxf5 gxf5 39.
Bd1 Rb2 40. Bb8 e4 41. Bd6+ Kf7 42. Kg3 Rd2 43. Bb3+ Kf6 44. Bb4 Rd3+ 0-1

[Event "33. ABC-Turnier 2013 - Gruppe E"]
[Site "Dortmund"]
[Date "2013.11.21"]
[Round "2.2"]
[White "Link, Werner"]
[Black "Driesner, Reinhard"]
[Result "1/2-1/2"]
[WhiteElo "1417"]
[BlackElo "1428"]
[PlyCount "32"]
[EventDate "2013.??.??"]
[Source "Pit Schulenburg"]
[SourceDate "2013.09.05"]

1. d4 Nf6 2. Nf3 e6 3. c4 d5 4. Nc3 Bb4 5. Bd2 Bxc3 6. Bxc3 Nbd7 7. Bb4 b6 8.
e3 Bb7 9. Bd3 dxc4 10. Bxc4 a5 11. Ba3 Ba6 12. Bxa6 Rxa6 13. Qd3 Ra8 14. O-O c6
15. Rac1 Nd5 16. Rxc6 Nb4 1/2-1/2

[Event "33. ABC-Turnier 2013 - Gruppe E"]
[Site "Dortmund"]
[Date "2013.11.28"]
[Round "2.3"]
[White "Driesner, Reinhard"]
[Black "Da Costa, Pablo"]
[Result "0-1"]
[WhiteElo "1428"]
[BlackElo "1402"]
[PlyCount "104"]
[EventDate "2013.??.??"]
[Source "Pit Schulenburg"]
[SourceDate "2013.09.05"]

1. e4 e5 2. Nf3 Nf6 3. Nc3 Bb4 4. a3 Bxc3 5. bxc3 d6 6. d3 O-O 7. h3 c5 8. Bb2
b5 9. Be2 Qb6 10. Rb1 c4 11. Bc1 a6 12. O-O Nbd7 13. Nd2 Qa5 14. dxc4 Qxc3 15.
Bb2 Qa5 16. cxb5 axb5 17. Bc1 Ba6 18. Re1 Nc5 19. Bf3 Na4 20. Bb2 Nxb2 21. Rxb2
Qxa3 22. Qb1 Qc3 23. Nb3 Bb7 24. Re3 Qc6 25. Nd2 Ra5 26. Nb3 Ra4 27. Kh2 Qb6
28. Nd2 Bc6 29. Reb3 Qxf2 30. Qc1 g6 31. c4 bxc4 32. Nf1 Qc5 33. Rc3 Bxe4 34.
Qg5 Nd5 35. Rc1 Bxf3 36. Ng3 f6 37. Qh4 c3 38. Qxa4 cxb2 39. Rxc5 b1=Q 40. Qc2
Qxc2 41. Rxc2 Bd1 42. Rd2 Bb3 43. Ne4 Rd8 44. Rb2 Bc4 45. Nd2 Rc8 46. Ne4 Rc6
47. Rb8+ Kf7 48. Rb7+ Ne7 49. Rb2 d5 50. Nd2 d4 51. Rb4 Bd5 52. Nf1 Rc2 0-1

[Event "33. ABC-Turnier 2013 - Gruppe E"]
[Site "Dortmund"]
[Date "2013.12.05"]
[Round "2.4"]
[White "Link, Werner"]
[Black "Schirmer, Michael"]
[Result "1/2-1/2"]
[WhiteElo "1417"]
[BlackElo "1471"]
[PlyCount "49"]
[EventDate "2013.??.??"]
[Source "Pit Schulenburg"]
[SourceDate "2013.09.05"]

1. d4 b5 2. Nf3 e6 3. g3 Bb7 4. Bg2 Nf6 5. O-O b4 6. c4 c5 7. b3 d5 8. Bb2 Nbd7
9. Nbd2 Be7 10. Ne5 Nxe5 11. dxe5 Ne4 12. Nxe4 dxe4 13. e3 O-O 14. Qc2 Qc7 15.
Bxe4 Bxe4 16. Qxe4 Rad8 17. Rad1 Qa5 18. Qb7 Rxd1 19. Rxd1 Qxa2 20. Qxe7 Qxb2
21. Rd8 Qb1+ 22. Kg2 Qe4+ 23. f3 Qc2+ 24. Kh3 Qf5+ 25. Kg2 1/2-1/2

[Event "33. ABC-Turnier 2013 - Gruppe E"]
[Site "Dortmund"]
[Date "2013.12.19"]
[Round "2.5"]
[White "Schirmer, Michael"]
[Black "Da Costa, Pablo"]
[Result "0-1"]
[WhiteElo "1471"]
[BlackElo "1402"]
[PlyCount "58"]
[EventDate "2013.??.??"]
[Source "Pit Schulenburg"]
[SourceDate "2013.09.05"]

1. b4 e5 2. Bb2 Bxb4 3. Bxe5 Qg5 4. Nf3 Qg6 5. Bxc7 Nc6 6. a3 Bc5 7. e3 Be7 8.
Nh4 Bxh4 9. g3 Be7 10. d4 d6 11. Bb5 Qe4 12. Rg1 Bd7 13. Nc3 Qf5 14. Rb1 b6 15.
Ba6 Qa5 16. Qd3 Bf5 17. e4 Bxe4 18. Qxe4 Qxc3+ 19. Kd1 Kd7 20. Bb7 Re8 21. d5
Nd4 22. Bxb6 axb6 23. Re1 Nf6 24. Qd3 Qxd3+ 25. cxd3 Kc7 26. Ba6 Nxd5 27. Rc1+
Kd7 28. Rc4 Bf6 29. Re4 Rxe4 0-1

[Event "33. ABC-Turnier 2013 - Gruppe F"]
[Site "Dortmund"]
[Date "2013.09.12"]
[Round "1.1"]
[White "Herrmann, Rudolf"]
[Black "Weih, Kurt"]
[Result "0-1"]
[WhiteElo "1357"]
[BlackElo "1335"]
[PlyCount "110"]
[EventDate "2013.??.??"]
[Source "Pit Schulenburg"]
[SourceDate "2013.09.05"]

1. d4 d5 2. Nf3 c6 3. a4 Bg4 4. e3 e6 5. Be2 Nf6 6. h3 Bh5 7. Ne5 Bxe2 8. Qxe2
Nbd7 9. Nf3 Bd6 10. c3 O-O 11. b4 Qc7 12. Ba3 a6 13. Nbd2 Rfe8 14. O-O e5 15.
dxe5 Nxe5 16. Rac1 Rac8 17. c4 Qb8 18. c5 Nxf3+ 19. Nxf3 Be5 20. Bb2 Bxb2 21.
Qxb2 Ne4 22. a5 Re6 23. Qd4 Rce8 24. Nh4 Qd8 25. Nf5 Rg6 26. g4 h5 27. f3 hxg4
28. fxg4 Qc7 29. Rf4 Ng5 30. Kg2 Ne4 31. Rcf1 f6 32. h4 Re5 33. Nd6 Nxd6 34.
cxd6 Qxd6 35. Kh3 Qe6 36. R1f3 Qe7 37. Rg3 Qe6 38. Kg2 Re4 39. Qd3 Kf7 40. g5
Rxf4 41. exf4 Qe4+ 42. Kf2 Qxf4+ 43. Qf3 Qxh4 44. Kg2 Rxg5 45. Rxg5 Qxg5+ 46.
Kh3 Qe5 47. Kh4 d4 48. Qd3 f5 49. Kg5 f4+ 50. Kg4 Kf6 51. Kf3 g5 52. Qh7 Qe3+
53. Kg2 f3+ 54. Kg3 f2+ 55. Kg4 Qf4+ {Diagramm #} 0-1